000 00290nam a22001337a 4500
008 170715b xxu||||| |||| 00| 0 eng d
020 _a0275937534
041 _aeng
080 _a572
100 _a24
101 _aANT
245 _aMEDICAL ANTHROPOLOGY
_cJOHNSON, TH.M
942 _2udc
_cBK
999 _c21156
_d21156